[Event "Stay Safe Play From Home 394"]
[Site "Emanuel Lasker Arena"]
[Date "2020.08.19"]
[Round "9"]
[White "AChessPlayer"]
[Black "MihailoVujic"]
[Result "1-0"]
[WhiteElo "2382"]
[BlackElo "2086"]
[PlyCount "85"]
[EventDate "2020.08.19"]
[EventType "swiss (blitz)"]

1. Nf3 {[%emt 0:00:01]} Nc6 {[%emt 0:00:01]} 2. d4 {[%emt 0:00:01]} d5 {[%emt 0:00:01]} 3. Bf4 {[%emt 0:00:01]} Bg4 {[%emt 0:00:00]} 4. h3 {[%emt 0:00:02]} Bxf3 {[%emt 0:00:02]} 5. exf3 {[%emt 0:00:00]} f6 {[%emt 0:00:00]} 6. c3 {[%emt 0:00:01]} e5 {[%emt 0:00:01]} 7. Be3 {[%emt 0:00:01]} Nge7 {[%emt 0:00:04]} 8. dxe5 {[%emt 0:00:03]} fxe5 {[%emt 0:00:01]} 9. Bb5 {[%emt 0:00:00]} Nf5 {[%emt 0:00:02]} 10. O-O {[%emt 0:00:02]} Nxe3 {[%emt 0:00:01]} 11. fxe3 {[%emt 0:00:00]} Bc5 {[%emt 0:00:01]} 12. Qe2 {[%emt 0:00:02]} Qg5 {[%emt 0:00:03]} 13. Bxc6+ {[%emt 0:00:02]} bxc6 {[%emt 0:00:01]} 14. Re1 {[%emt 0:00:07]} O-O {[%emt 0:00:01]} 15. Kh1 {[%emt 0:00:00]} Rae8 {[%emt 0:00:04]} 16. e4 {[%emt 0:00:01]} Re6 {[%emt 0:00:02]} 17. Nd2 {[%emt 0:00:02]} Rh6 {[%emt 0:00:01]} 18. Nb3 {[%emt 0:00:02]} Bb6 {[%emt 0:00:01]} 19. Rad1 {[%emt 0:00:02]} Rff6 {[%emt 0:00:01]} 20. exd5 {[%emt 0:00:03]} cxd5 {[%emt 0:00:01]} 21. Rxd5 {[%emt 0:00:00]} Rfg6 {[%emt 0:00:01]} 22. Red1 {[%emt 0:00:03]} Qg3 {[%emt 0:00:10]} 23. Rd8+ {[%emt 0:00:01]} Kf7 {[%emt 0:00:00]} 24. Qc4+ {[%emt 0:00:01]} Kf6 {[%emt 0:00:01]} 25. Rf8+ {[%emt 0:00:01]} Kg5 {[%emt 0:00:01]} 26. Qg4+ {[%emt 0:00:03]} Qxg4 {[%emt 0:00:01]} 27. fxg4 {[%emt 0:00:00]} Rf6 {[%emt 0:00:04]} 28. Rf1 {[%emt 0:00:01]} Rxf1+ {[%emt 0:00:02]} 29. Rxf1 {[%emt 0:00:01]} Re6 {[%emt 0:00:01]} 30. Rf5+ {[%emt 0:00:02]} Kg6 {[%emt 0:00:02]} 31. g3 {[%emt 0:00:01]} e4 {[%emt 0:00:00]} 32. Nc1 {[%emt 0:00:03]} e3 {[%emt 0:00:00]} 33. Ne2 {[%emt 0:00:00]} Rd6 {[%emt 0:00:00]} 34. Kg2 {[%emt 0:00:01]} Rd2 {[%emt 0:00:00]} 35. Kf3 {[%emt 0:00:00]} Rxb2 {[%emt 0:00:00]} 36. a4 {[%emt 0:00:00]} Ra2 {[%emt 0:00:01]} 37. c4 {[%emt 0:00:01]} Rxa4 {[%emt 0:00:00]} 38. c5 {[%emt 0:00:00]} Ba5 {[%emt 0:00:01]} 39. h4 {[%emt 0:00:00]} h6 {[%emt 0:00:01]} 40. Nf4+ {[%emt 0:00:01]} Kh7 {[%emt 0:00:02]} 41. g5 {[%emt 0:00:01]} Bd2 {[%emt 0:00:01]} 42. g6+ {[%emt 0:00:01]} Kg8 {[%emt 0:00:01]} 43. Rd5 {[%emt 0:00:00] Time Time Time (Lag: Av=0.70s, max=1.4s) (Lag: Av=0.70s, max=1.4s) (Lag: Av=0.70s, max=1.4s)} 1-0

[Event "Stay Safe Play From Home 394"]
[Site "Emanuel Lasker Arena"]
[Date "2020.08.19"]
[Round "9"]
[White "Greblah"]
[Black "Mepe_Nika"]
[Result "0-1"]
[WhiteElo "1876"]
[BlackElo "2341"]
[PlyCount "66"]
[EventDate "2020.08.19"]
[EventType "swiss (blitz)"]

1. e4 {[%emt 0:00:01]} c6 {[%emt 0:00:01]} 2. d4 {[%emt 0:00:01]} d5 {[%emt 0:00:00]} 3. exd5 {[%emt 0:00:00]} cxd5 {[%emt 0:00:01]} 4. Bd3 {[%emt 0:00:00]} Nc6 {[%emt 0:00:01]} 5. c3 {[%emt 0:00:00]} Nf6 {[%emt 0:00:01]} 6. Ne2 {[%emt 0:00:00]} Bg4 {[%emt 0:00:01]} 7. O-O {[%emt 0:00:00]} e5 {[%emt 0:00:01]} 8. Qe1 {[%emt 0:00:00]} e4 {[%emt 0:00:02]} 9. Bb5 {[%emt 0:00:02]} Bd6 {[%emt 0:00:01]} 10. Ng3 {[%emt 0:00:01]} O-O {[%emt 0:00:01]} 11. Bg5 {[%emt 0:00:01]} h6 {[%emt 0:00:01]} 12. Bxf6 {[%emt 0:00:02]} Qxf6 {[%emt 0:00:00]} 13. Bxc6 {[%emt 0:00:01]} bxc6 {[%emt 0:00:02]} 14. Nd2 {[%emt 0:00:02]} Rab8 {[%emt 0:00:01]} 15. b4 {[%emt 0:00:04]} Rfe8 {[%emt 0:00:01]} 16. Nb3 {[%emt 0:00:01]} h5 {[%emt 0:00:01]} 17. h3 {[%emt 0:00:02]} h4 {[%emt 0:00:03]} 18. hxg4 {[%emt 0:00:01]} hxg3 {[%emt 0:00:01]} 19. fxg3 {[%emt 0:00:01]} Qg6 {[%emt 0:00:01]} 20. Rf5 {[%emt 0:00:03]} Qxg4 {[%emt 0:00:02]} 21. Qf1 {[%emt 0:00:01]} Qxg3 {[%emt 0:00:01]} 22. Rxf7 {[%emt 0:00:03]} Qh2+ {[%emt 0:00:01]} 23. Kf2 {[%emt 0:00:01]} Kxf7 {[%emt 0:00:01]} 24. Ke3+ {[%emt 0:00:01]} Kg8 {[%emt 0:00:01]} 25. Nc5 {[%emt 0:00:01]} Rf8 {[%emt 0:00:01]} 26. Qe2 {[%emt 0:00:02]} Qg3+ {[%emt 0:00:01]} 27. Kd2 {[%emt 0:00:01]} Bxc5 {[%emt 0:00:01]} 28. dxc5 {[%emt 0:00:03]} Rf2 {[%emt 0:00:01]} 29. Re1 {[%emt 0:00:02]} Qd3+ {[%emt 0:00:01]} 30. Kc1 {[%emt 0:00:02]} Rxe2 {[%emt 0:00:01]} 31. Rxe2 {[%emt 0:00:01]} Qxe2 {[%emt 0:00:01]} 32. a4 {[%emt 0:00:01]} Rf8 {[%emt 0:00:00]} 33. b5 {[%emt 0:00:01]} Rf1# {[%emt 0:00:00] (Lag: Av=0.40s, max=0.7s) (Lag: Av=0.40s, max=0.7s) (Lag: Av=0.40s, max=0.7s)} 0-1